[Event "20th IPCA World-ch 2021"]
[Site "Torrevieja"]
[Date "2021.10.18"]
[Round "1.1"]
[White "Obodchuk, Andrei"]
[Black "Vasquez, Georges"]
[Result "1-0"]
[WhiteElo "2303"]
[BlackElo "1864"]
[Annotator "TA"]
[PlyCount "37"]
[EventDate "2021.10.19"]
[EventType "swiss"]
[EventRounds "9"]
[EventCountry "ESP"]
[SourceTitle "playchess.com"]
[Source "ChessBase"]
[SourceQuality "1"]

{[%evp 22,37,69,70,80,79,143,138,207,196,321,327,360,341,598,597,587,577]} 1. d4 Nf6 2. c4 g6 3. Nc3 Bg7 4. e4 d6 5. f3 O-O 6. Nge2 c5 7. Be3 cxd4 8. Nxd4 Nc6 9. Qd2 a6 10. Be2 Bd7 11. O-O Rb8 12. Nc2 Qc7 {B38: Sicilian: Maroczy Bind with 5...Bg7 and 7...0-0.} 13. Rac1 {[#]} e6 $146 (13... Rfc8 $142) ({Predecessor:} 13... Rfc8 14. Nd5 Qd8 15. Nb6 Rc7 16. Rfd1 Qf8 17. c5 dxc5 18. e5 Nxe5 19. Bf4 Rc6 20. Qa5 {½-½ (58) Dragnev,V (2483)-Tifferet,S (2273) Mamaia 2017}) 14. Rfd1 Ne8 (14... Rfd8 $16 15. Qxd6 Qxd6 16. Rxd6 Be8) 15. c5 $18 d5 (15... Qd8 $142 16. cxd6 b5) 16. exd5 exd5 17. Nxd5 Qa5 {[#]} (17... Qe5 18. Bf4 {[%mdl 64] Skewer} Qxb2) 18. Ne7+ $1 {[%mdl 576] Discovered Attack} Kh8 19. Qxa5 {White took control after the opening.  Weighted Error Value: White=0.01/Black=0.88} 1-0

[Event "20th IPCA World-ch 2021"]
[Site "Torrevieja"]
[Date "2021.10.18"]
[Round "1.2"]
[White "Nazarov, Nicolai"]
[Black "Gurbanov, Andrei"]
[Result "0-1"]
[WhiteElo "1770"]
[BlackElo "2252"]
[Annotator "TA"]
[PlyCount "24"]
[EventDate "2021.10.19"]
[EventType "swiss"]
[EventRounds "9"]
[EventCountry "ESP"]
[SourceTitle "playchess.com"]
[Source "ChessBase"]
[SourceQuality "1"]

{[%evp 9,24,-73,-70,-73,-46,-42,-42,-54,-52,-57,-47,-170,-155,-204,-222,-206,-207]} 1. d4 d5 2. c4 e6 3. a3 {[%cal Ba2a3,Ba3a4][%mdl 32]} dxc4 4. Nc3 a6 {[#]} 5. a4 $146 ({Predecessor:} 5. e3 b5 6. a4 b4 7. Nb1 Bb7 8. Nf3 Bd5 9. Nbd2 c3 10. Nc4 cxb2 11. Bxb2 {½-½ (49) Dzenis,J (2090)-Spierenburg,P (1982) ICCF email 2013}) 5... Nc6 6. Nf3 {D30: Queen's Gambit Declined: Systems without Nc3.} Rb8 7. e4 b5 8. d5 {aiming for axb5.Black is slightly better.} Nb4 9. axb5 axb5 10. Bf4 {[#]} ({White should try} 10. Be2 $1 $15) 10... exd5 $1 $19 {Black is clearly better.} 11. exd5 Nf6 12. Bg5 Be7 {Black took control after the opening.  Weighted Error Value: White=0.32/Black=0.03} ({Much less strong is} 12... Nbxd5 13. Bxf6 Nxf6 14. Qxd8+ Kxd8 15. Ne5 $17) 0-1

[Event "20th IPCA World-ch 2021"]
[Site "Torrevieja"]
[Date "2021.10.18"]
[Round "1.3"]
[White "Gedgafov, Chamal"]
[Black "Kaydanovich, Marina"]
[Result "1-0"]
[WhiteElo "2202"]
[BlackElo "1737"]
[Annotator "TA"]
[PlyCount "57"]
[EventDate "2021.10.19"]
[EventType "swiss"]
[EventRounds "9"]
[EventCountry "ESP"]
[SourceTitle "playchess.com"]
[Source "ChessBase"]
[SourceQuality "1"]

{[%evp 15,57,8,33,28,29,29,46,31,35,-85,-85,-97,-93,-90,-59,-70,-52,-60,-60,-63,0,5,13,-209,-200,-236,-224,-303,-279,-565,0,-9,975,933,944,946,1210,1054,29996,29997,29997,29998,29998,29999]} 1. d4 d5 2. c4 e6 3. Nc3 Nf6 4. Bg5 Be7 5. cxd5 exd5 6. e3 c6 7. Bd3 h6 8. Bh4 Be6 9. Qc2 {D35: Queen's Gambit Declined: Exchange Variation.} Nbd7 10. Nge2 Bd6 11. Rc1 {White is slightly better.} O-O {[#]} 12. O-O $146 {[#]} (12. f3 $14 {keeps the upper hand.}) ({Predecessor:} 12. a3 Rc8 13. b4 a5 14. Qb3 b5 15. Bg3 a4 16. Qb1 Nb6 17. Bxd6 Qxd6 18. h3 {0-1 (39) Perez Toledo,A (1625)-Lopez Colon,F (2036) Gran Canaria 2015}) 12... Bxh2+ $1 $17 13. Kh1 (13. Kxh2 Ng4+) 13... Bd6 14. f3 g5 15. Bf2 Nh5 16. g4 Ng7 {Hoping for ...f5.} 17. Ng3 Bxg3 (17... Qe7 $15) 18. Bxg3 $11 f5 19. Kg2 $2 (19. Qh2 $1 $11) 19... fxg4 $19 20. fxg4 Bxg4 21. Bh7+ Kh8 22. Qg6 $2 (22. Bg6) 22... Rxf1 $2 (22... Nf5 $19 23. Rce1 Qe7 24. Qxf5 Bxf5 25. Bxf5 Qg7) 23. Rxf1 $40 {[%mdl 128] White has some attack.} (23. Qxh6 $5 {[%cal Rh7g6]} Rf2+ 24. Bxf2 $11) 23... Nf8 $2 {[%mdl 8192] [#]} (23... Qe8 $11) 24. Rxf8+ $1 $18 {[%mdl 512]} Qxf8 25. Qxh6 {White threatens Bg6+ and mate.} Qf3+ 26. Kh2 {Bg6+ would kill now.} Qxe3 27. Bg6+ {White mates.} Kg8 28. Qh7+ Kf8 29. Bd6+ {Weighted Error Value: White=0.54/Black=0.81} 1-0

[Event "20th IPCA World-ch 2021"]
[Site "Torrevieja"]
[Date "2021.10.18"]
[Round "1.4"]
[White "Aleksandrova, Aleksandra"]
[Black "Glazar, Domagoj"]
[Result "0-1"]
[WhiteElo "1728"]
[BlackElo "2142"]
[Annotator "TA"]
[PlyCount "96"]
[EventDate "2021.10.19"]
[EventType "swiss"]
[EventRounds "9"]
[EventCountry "ESP"]
[SourceTitle "playchess.com"]
[Source "ChessBase"]
[SourceQuality "1"]

{[%evp 9,96,-51,-45,-44,0,0,0,-43,-38,-35,-37,-47,-56,-93,-66,-84,23,20,20,10,0,0,-8,-31,-8,-50,33,0,0,-64,-75,-84,-20,-78,-63,-141,-154,-110,-110,-121,24,-169,-171,-281,-270,-270,-251,-265,-255,-315,-315,-309,-301,-263,-257,-333,-323,-329,-329,-321,-247,-231,-258,-331,-316,-396,-374,-728,-535,-535,-535,-739,-604,-472,-457,-384,-262,-254,-250,-777,-743,-751,-729,-742,-740,-692,-679,-4841,-4023]} 1. d4 Nf6 2. e3 d5 3. Nd2 Bf5 4. Be2 e6 {[#]} 5. g4 $146 ({Predecessor:} 5. Ngf3 c5 6. c3 h6 7. O-O Nc6 8. Bb5 a6 9. Bxc6+ bxc6 10. Qa4 Qb6 11. Ne5 Rc8 12. dxc5 Bxc5 13. b4 {1-0 (45) Jimenez Gonzalez,J (1823)-Seguel,R Cumana 2014}) 5... Bg6 6. h4 {Threatens to win with h5. A45: Trompowsky Attack.} h5 7. g5 Nfd7 8. f4 {The position is equal.} c5 9. c3 Qc7 10. Nh3 Bd6 11. Nf1 Be4 12. Rg1 g6 ({Black should try} 12... Nc6 $17) 13. Ng3 $11 Bf5 14. Nxf5 exf5 15. Bf3 Nb6 16. Qe2 Nc6 17. a4 cxd4 (17... O-O $15) 18. exd4+ Kf8 {White must now prevent ...Re8.} 19. Qg2 (19. Kf2 $11) 19... Re8+ $15 20. Kf2 Kg7 ({Better is} 20... Na5 $17 21. Bxd5 Nxd5 22. Qxd5 Kg7) 21. a5 (21. Bd1 $11 {remains equal.}) 21... Nc4 $1 $17 22. Bxd5 (22. b3 $15 N4xa5 23. Bxd5) 22... N6xa5 23. b4 Nb3 $36 {[%mdl 2048] White is under strong pressure.} 24. Rxa7 Ra8 (24... Nxc1 $6 25. Rxc1 Bxf4 26. Rxb7 $15) (24... Rb8 $17 25. Qf1 Rhc8) 25. Rxa8 $2 {This move loses the game for White.} (25. Rxb7 $11 Ra2+ 26. Kg3 (26. Kf3 $2 Ne5+ {[%mdl 64] Discovered Attack} 27. Kg3 Qxc3+ {[%mdl 64] Double Attack} 28. Qf3 Qxf3+ 29. Bxf3 Nxf3 $19) 26... Rxg2+ 27. Kxg2) 25... Rxa8 $19 26. Qf3 (26. Kg3 $142) 26... Ra2+ 27. Kg3 Rc2 28. Qd3 {[#]} Na3 {[%mdl 512]} 29. c4 ({Don't go for} 29. Bxb3 $2 Rxc3 30. Qxc3 Qxc3+ 31. Kh2 Qxb3 $19) 29... Nxc1 30. Rxc1 Rxc1 31. Qxa3 Rd1 32. c5 Rxd4 {[%cal Rd6f4]} ({Not} 32... Bxf4+ 33. Nxf4 Rxd4 34. Qf3 $17) 33. cxd6 Qxd6 {[%mdl 64] Double Attack} 34. Bf3 Qxb4 35. Qa1 {[#]} b5 36. Ng1 {aiming for Ne2.} Kh7 37. Ne2 Rd3 38. Qf6 $2 (38. Qa7 Qc4 39. Nc1) 38... Qc4 39. Kf2 Qe6 40. Qxe6 fxe6 41. Nc1 Rc3 42. Ne2 Rc2 43. Ke3 {[#]} b4 $1 {[%cal Bb5b4,Bb4b3,Bb3b2][%mdl 32]} 44. Kd3 $2 (44. Nd4 Rh2 45. Kd3) 44... b3 {Black is clearly winning.} 45. Nd4 Rf2 {...b2 is the strong threat.} 46. Be2 b2 47. Kc2 Rxf4 48. Nxe6 Re4 {Weighted Error Value: White=0.71/Black=0.28} 0-1

[Event "20th IPCA World-ch 2021"]
[Site "Torrevieja"]
[Date "2021.10.18"]
[Round "1.5"]
[White "Zakharova, Evgeniya"]
[Black "Pilimon, Zbigniew"]
[Result "1-0"]
[WhiteElo "2045"]
[BlackElo "1638"]
[Annotator "TA"]
[PlyCount "133"]
[EventDate "2021.10.19"]
[EventType "swiss"]
[EventRounds "9"]
[EventCountry "ESP"]
[SourceTitle "playchess.com"]
[Source "ChessBase"]
[SourceQuality "1"]

{[%evp 13,132,28,40,-15,-28,-21,-15,-35,0,-21,-25,-57,-11,-25,-21,-18,2,-9,0,0,0,0,14,0,0,-22,-32,-7,-28,-21,0,-51,-34,-55,-26,-43,-6,-22,-16,-37,0,-6,40,0,0,-8,0,-218,-210,-233,-215,-218,-222,-220,-207,-208,-145,-183,-145,-266,-252,-438,-437,-428,-416,-381,0,0,1293,1285,1176,1089,1094,1013,4082,2766,5069,5069,5306,5165,5120,5189,6079,3601,29954,29953,29972,29973,29978,29979,29979,29980,29980,29981,29980,29982,29982,29983,29983,29984,29984,29985,29987,29988,29988,29989,29989,29990,29991,29991,29991,29992,29994,29988,29988,0,29997,29998,29998,29999,29999]} 1. d4 Nf6 2. c4 e6 3. g3 d5 4. Nf3 Nbd7 5. Bg2 Be7 6. O-O O-O 7. Qc2 b6 8. Nbd2 {E08: Closed Catalan: Main Line: 7 Qc2.} (8. cxd5 $14 Nxd5 9. Nc3) 8... Bb7 $11 9. Rd1 Rc8 10. cxd5 {The position is equal.} exd5 {[#]} 11. Qa4 $146 ({Predecessor:} 11. Ne5 c5 12. Ndf3 cxd4 13. Qa4 Nc5 14. Qxd4 Ne6 15. Qa4 a6 16. b4 b5 17. Qb3 {0-1 (41) Fransson,P (1511)-Lund,P (2029) Helsingor 2015}) 11... c5 12. Ne5 Nxe5 (12... cxd4 $5 {[%cal Rd7e5]} 13. Nxd7 Nxd7 $15) 13. dxe5 {[#]} Bc6 $1 14. Qc2 Ne8 15. Nf3 Nc7 16. Nd4 Bd7 17. Nf5 Be6 18. e4 {And now exd5 would win.} d4 19. h4 f6 20. Nxe7+ Qxe7 21. exf6 Qxf6 22. Bg5 (22. f4 $11) 22... Qf7 $15 23. Rd2 Bg4 24. Bf4 Rfd8 (24... Ne6 $5 {[%cal Re6f4]} 25. Bd6 Rfe8 $11) 25. f3 Be6 26. Be5 Nb5 27. Qa4 Bd7 28. Qd1 Qe6 29. f4 Nd6 30. b3 (30. Bxd6 $11 Qxd6 31. b3) 30... Nf7 $19 31. Bxd4 cxd4 32. Rxd4 Bc6 33. Rc1 Rxd4 34. Qxd4 Rd8 35. Qe3 Qd7 36. e5 (36. Bf3 $17 {might work better.}) 36... Bxg2 37. e6 $2 (37. Kxg2 {was the only defense.} Nh6 38. Qe2) 37... Qb7 38. exf7+ Kxf7 39. Qe5 {Rc7+ is the strong threat.} Rd7 ({Black should try} 39... Kg8 $19 {White must now prevent ...h6.} 40. Qb2 Bh3) 40. Re1 {Intending Qf5+ and mate.} Re7 $2 {[%mdl 8192]} (40... Bh3 $11 41. Qh5+ g6 42. Qxh7+ Kf8 43. Qh8+ Kf7 44. Qh7+ Kf8 45. Qh8+ Kf7 46. Qh7+) 41. Qxe7+ $18 {[%mdl 64] [#] Overworked Piece} Qxe7 42. Rxe7+ Kxe7 43. Kxg2 {[%mdl 4096] Endgame KP-KP} h5 44. Kf3 Kf6 45. Ke4 Ke6 46. f5+ Kd6 47. Kd4 Ke7 48. Ke5 a6 49. a3 Kf7 50. b4 Ke7 51. a4 Kf7 52. Kd5 Kf6 53. b5 axb5 54. axb5 Kxf5 {K3P-K3P} 55. Kc6 Kg4 56. Kxb6 Kxg3 57. Kc5 Kxh4 {KPP-KP} 58. b6 g5 59. b7 g4 60. b8=Q Kh3 61. Kd4 g3 62. Ke3 h4 63. Qf4 g2 64. Qf2 $2 ({Weaker is} 64. Kf2 g1=Q+ 65. Kxg1 $11) (64. Qf5+ {mates} Kg3 65. Qe5+ Kg4 66. Kf2 h3 67. Qf6 g1=R 68. Kxg1 Kg3 69. Qe5+ Kf3 70. Kh2) 64... Kh2 $2 {[%mdl 8192]} (64... g1=Q $11) 65. Qxh4+ {White mates.} Kg1 66. Kf3 Kf1 67. Qf2# {What a bad dream for Black.  Weighted Error Value: White=0.31/Black=0.36} 1-0

[Event "20th IPCA World-ch 2021"]
[Site "Torrevieja"]
[Date "2021.10.18"]
[Round "1.6"]
[White "Kimsanboyev, Axadxon"]
[Black "Anfinogenov, Artem"]
[Result "0-1"]
[WhiteElo "1636"]
[BlackElo "2032"]
[Annotator "TA"]
[PlyCount "110"]
[EventDate "2021.10.19"]
[EventType "swiss"]
[EventRounds "9"]
[EventCountry "ESP"]
[SourceTitle "playchess.com"]
[Source "ChessBase"]
[SourceQuality "1"]

{[%evp 11,109,0,4,0,0,0,0,0,22,-44,-47,-37,-41,-82,-45,-52,-22,-30,-16,-35,-31,-29,-31,-30,-36,-81,-70,-119,-113,-114,-102,-90,-57,-62,-31,-89,-91,-137,-139,-140,-138,-140,-130,-128,-128,-169,-169,-169,-169,-206,-206,-225,-220,-243,-231,-241,-218,-377,-298,-448,-452,-518,-523,-3574,-3683,-3599,-2800,-2314,-2155,-6071,-2171,-29982,-29982,-29982,-29983,-29983,-29984,-29984,-29985,-29985,-29986,-29986,-29987,-29987,-29988,-29989,-29990,-29990,-29991,-29993,-29994,-29994,-29995,-29996,-29997,-29997,-29998,-29998,-29999,-29999]} 1. d4 d5 2. Bf4 Nf6 3. e3 e6 4. Nd2 c5 5. c3 Nc6 6. Bd3 Bd6 7. Bxd6 {7.Bxd6 scores better than 7.Bg3. D00: 1 d4 d5: Unusual lines.} Qxd6 8. f4 cxd4 9. cxd4 {The position is equal.} h6 {[#]} 10. Qf3 $146 (10. a3 $11) ({Predecessor:} 10. a3 g5 11. g3 gxf4 12. gxf4 Bd7 13. Ngf3 Ne7 14. Ne5 Qb6 15. Qb3 Qxb3 16. Nxb3 {0-1 (46) Bestard Borras,M (2204)-Huerga Leache,M (2440) Gijon 2011}) 10... Nb4 $15 11. Bb1 Bd7 12. a3 {[#]} Qa6 $1 {White must now prevent ...Rc8.} 13. Nb3 {[#]} Qc4 14. Qd1 {[#]} Ba4 $1 15. Nd2 (15. axb4 Qxb4+) 15... Bxd1 16. Nxc4 Nc2+ 17. Bxc2 Bxc2 18. Ne5 Ke7 19. Ngf3 Rhc8 20. Ke2 Ne4 21. Rhc1 f6 22. Nd3 Kd6 (22... Nd6 {is interesting.} 23. g4 b6 24. Nb4 Ba4 25. Nd2 g5) 23. Nc5 (23. Nd2 $15) 23... Nxc5 $17 {Black keeps a firm grip on the game.} 24. dxc5+ Rxc5 25. Nd4 Rac8 26. Kd2 {aiming for b4.} Ba4 27. Rxc5 Rxc5 28. Rc1 Rxc1 29. Kxc1 $19 {[%mdl 4096] Endgame KB-KN} Bd7 30. b4 e5 31. Nb3 b6 32. Kd2 Ba4 33. Nc1 Bb5 34. Kc3 $2 (34. Nb3 {keeps fighting.}) 34... Bc4 35. g4 (35. f5 $142) 35... g5 36. f5 Bf1 37. Nd3 Bxd3 38. Kxd3 {KP-KP} a5 39. Kc3 Kc6 40. a4 Kd6 (40... Kc7 $142 41. bxa5 bxa5) 41. h3 Kc6 {Black mates.} 42. Kb3 axb4 43. Kxb4 e4 44. Kb3 Kc5 45. Kc3 d4+ 46. exd4+ Kd5 47. Kd2 Kxd4 48. Ke2 e3 49. Ke1 Kd3 50. Kd1 e2+ 51. Ke1 Ke3 52. h4 gxh4 53. g5 h3 54. g6 h2 {[%cal Rh2h1]} 55. g7 h1=Q# {Weighted Error Value: White=0.49/Black=0.19} 0-1

[Event "20th IPCA World-ch 2021"]
[Site "Torrevieja"]
[Date "2021.10.18"]
[Round "1.7"]
[White "Valenta, Vit Vaclav"]
[Black "Petrov, Maksim"]
[Result "0-1"]
[WhiteElo "2028"]
[BlackElo "1568"]
[Annotator "TA"]
[PlyCount "110"]
[EventDate "2021.10.19"]
[EventType "swiss"]
[EventRounds "9"]
[EventCountry "ESP"]
[SourceTitle "playchess.com"]
[Source "ChessBase"]
[SourceQuality "1"]

{[%evp 9,110,-37,-9,-13,-17,-45,-27,-53,-26,-51,-46,-47,-43,-70,-62,-66,-41,-64,-59,-99,-38,-48,-45,-29,-45,-58,-28,-85,-64,-156,-129,-170,-170,-217,-97,-94,-100,-183,-165,-306,-283,-547,-545,-822,-775,-720,-549,-544,-549,-549,-549,-529,-408,-404,-396,-450,-439,-525,-514,-499,-502,-520,-509,-488,-452,-428,-418,-417,-384,-1100,-1019,-1457,-1291,-1361,-1157,-29981,-29982,-29982,-29983,-29983,-29978,-29979,-29980,-29980,-12843,-29984,-12833,-12833,-12834,-12834,-12835,-12835,-12835,-12837,-12837,-12831,-7457,-12841,-12841,-12843,-12843,-12845,-12845]} 1. b4 e5 2. Bb2 f6 3. a3 d5 4. d3 Be6 5. Nd2 a5 6. b5 {A00: Irregular Openings.} Bd6 {[#]} 7. g3 $146 ({Predecessor:} 7. Ngf3 Ne7 8. c4 O-O 9. Rc1 Nd7 10. g3 dxc4 11. Nxc4 Nc5 12. Bg2 a4 13. O-O {1-0 (63) Valenta,V (2163)-Simet,M (1903) Kouty nad Desnou 2015}) 7... Nh6 8. Bg2 {Black has an edge.} Nd7 9. Ngf3 O-O 10. c4 c6 11. a4 Qe7 12. O-O g5 13. e4 d4 $1 14. Nb3 Qg7 (14... cxb5 $17 15. cxb5 Bb4) 15. Bc1 Nf7 16. Ne1 c5 17. Kh1 Kh8 18. Bd2 (18. Bf3 $11) 18... Bc7 19. f4 ({White should try} 19. Bf3 $15) 19... gxf4 20. gxf4 exf4 21. Bxf4 Nfe5 (21... Bxf4 $19 {and Black stays clearly on top.} 22. Rxf4 Nfe5) 22. Qd2 Rg8 23. Rg1 (23. Nc1 $17) 23... Qg4 $19 {[#] ...Nxc4 is the strong threat.} 24. Bg3 (24. Rf1 {might work better.}) 24... Nxc4 25. dxc4 (25. Bf3 Qxg3 26. Rxg3 Nxd2 27. Rxg8+ Rxg8 28. Nxd2) 25... Bxg3 26. Bf3 Qh3 27. Qg2 Bxe1 28. Qxh3 Rxg1+ 29. Kxg1 Bxh3 30. Rxe1 Rg8+ 31. Kf2 b6 32. Nd2 Ne5 {Threatens to win with ...Nd3+.} 33. Rd1 Nxf3 34. Nxf3 {[%mdl 4096] Endgame KRB-KRN} Rg2+ 35. Ke1 Bg4 36. Rd3 Rc2 37. Nd2 Rc3 38. Rxc3 dxc3 {KB-KN} 39. Nf1 {[#]} (39. Nb3 Bf3 40. Nc1) 39... Bf3 40. Ng3 Kg8 41. Nf5 Bxe4 42. Ne7+ Kf7 43. Nc8 Ke6 44. Nxb6 Kd6 45. Kd1 f5 46. Nc8+ Kd7 (46... Kc7 $142 47. Ne7 f4 48. b6+ Kxb6 49. Ke2 c2 50. Kd2 f3 51. h3 f2 52. Nd5+ Bxd5 53. cxd5 f1=Q 54. Kxc2 c4 55. Kd2 Qd3+ {[%mdl 64] Double Attack} 56. Ke1 c3 57. Kf2 c2 58. Kg2 c1=Q 59. h4 Qcd2+ 60. Kh1 Qf1#) 47. Na7 Kc7 (47... f4 $142 48. b6 f3 49. b7 Bxb7 50. Kc2 f2 51. Nb5 Be4+ 52. Kxc3 f1=Q 53. Na3 Qg2 54. Kb3 Qxh2 55. Nc2 Qxc2+ 56. Ka3 Qxc4 57. Kb2 Qxa4 58. Kc3 Qc2#) 48. b6+ {Black is clearly winning.} Kxb6 49. Nb5 c2+ 50. Kd2 Kc6 51. Nc3 Kd6 52. Ne2 Ke5 53. Nc1 Kd4 54. Nb3+ Kxc4 55. Nxa5+ Kb4 {[%mdl 64] Double Attack.  Weighted Error Value: White=0.81/Black=0.32} 0-1

[Event "20th IPCA World-ch 2021"]
[Site "Torrevieja"]
[Date "2021.10.18"]
[Round "1.8"]
[White "Nikitskaya, Varvara"]
[Black "Tsapalin, Sergey"]
[Result "0-1"]
[WhiteElo "1173"]
[BlackElo "1981"]
[Annotator "TA"]
[PlyCount "50"]
[EventDate "2021.10.19"]
[EventType "swiss"]
[EventRounds "9"]
[EventCountry "ESP"]
[SourceTitle "playchess.com"]
[Source "ChessBase"]
[SourceQuality "1"]

{[%evp 17,50,18,36,0,-6,10,81,0,0,0,1,-51,-55,-60,-45,-145,-125,-122,-122,-110,-61,-89,-83,-95,-92,-166,-160,-223,-211,-1135,-1129,-1194,-1189,-2375,-2088]} 1. e4 c5 2. Nf3 d6 3. d4 cxd4 4. Nxd4 Nf6 5. Nc3 a6 6. Be3 e5 7. Nb3 Be7 8. f3 Be6 9. Qd2 O-O 10. h4 {B90: Sicilian Najdorf: Unusual White 6th moves, 6 Be3 Ng4 and 6 Be3 e5.} Nbd7 11. g4 {[#]} Nc5 $146 (11... b5 $11 {remains equal.}) ({Predecessor:} 11... b5 12. h5 Nb6 13. g5 Nfd7 14. Nd5 Bxd5 15. exd5 Nc4 16. Bxc4 bxc4 17. Na5 c3 18. Qxc3 Bxg5 {1-0 (37) Abdrlauf,E (2381)-Wernberg,H (2179) Fredericia 2020}) 12. h5 (12. O-O-O $16) 12... Nxb3 $11 13. axb3 d5 14. g5 {[#]} ({White should play} 14. exd5 $11 Nxd5 15. Nxd5 Bxd5 16. Kf2) 14... d4 $1 $15 {aiming for ...Nd7.} 15. gxf6 Bxf6 16. Nd5 ({Better is} 16. Nd1 $15) 16... Bxd5 $17 ({Don't play} 16... dxe3 17. Nxf6+ Qxf6 18. Qxe3 $15) 17. exd5 dxe3 18. Qxe3 Qxd5 19. Bd3 e4 20. Bxe4 Qe5 21. Ke2 (21. c3 $17) 21... Rae8 {[#] White must now prevent ...Bg5.} 22. Rag1 (22. Kf1 $17) 22... Bd8 $19 {Strongly threatening ...f5.} ({Don't do} 22... Qxb2 23. Rd1) 23. Rxg7+ $2 (23. h6 g6 24. Rd1) 23... Kxg7 {Black is clearly winning.} 24. Rg1+ Kh8 25. Qh6 f5 {[%mdl 64] Pin.  Weighted Error Value: White=1.17/Black=0.14} 0-1

[Event "20th IPCA World-ch 2021"]
[Site "Torrevieja"]
[Date "2021.10.18"]
[Round "1.9"]
[White "Zavarsky, Juraj"]
[Black "Wollner, Bohus"]
[Result "1-0"]
[WhiteElo "1975"]
[BlackElo "1107"]
[Annotator "TA"]
[PlyCount "35"]
[EventDate "2021.10.19"]
[EventType "swiss"]
[EventRounds "9"]
[EventCountry "ESP"]
[SourceTitle "playchess.com"]
[Source "ChessBase"]
[SourceQuality "1"]

{[%evp 10,35,39,11,46,23,33,7,43,37,36,33,81,59,97,40,343,352,347,347,400,402,395,402,464,458,562,554]} 1. e4 e5 2. Nf3 Nc6 3. Bc4 Be7 4. d4 d6 5. Nc3 Nf6 6. h3 h6 {C50: Hungarian Defence and Giuoco Pianissimo.} 7. Be3 O-O {[#]} 8. Bb3 $146 ({Predecessor:} 8. O-O Kh8 9. dxe5 Nxe5 10. Nxe5 dxe5 11. f3 c6 12. Qxd8 Bxd8 13. Bc5 Bb6 14. Bxb6 axb6 15. Rad1 {½-½ (66) Anisimova,A (1200)-Ryzhova,M (1074) Bryansk 2019}) 8... Qe8 {The position is equal.} 9. O-O a5 10. Re1 b6 11. a4 Ba6 12. Nd5 (12. Nh4 $16) 12... Bb7 $2 {[%mdl 8192] This move loses the game for Black.} (12... Nxd5 $14 13. exd5 Nxd4) 13. Nxc7 $18 {[%mdl 64] [#] Double Attack} Qd8 14. Nxa8 Bxa8 15. dxe5 dxe5 16. Qxd8 Rxd8 17. Bxb6 Rb8 18. Bc7 {[%mdl 64] Double Attack.  Weighted Error Value: White=0.14/Black=0.78} 1-0